LEADER 00925nam a2200241 u 4500 001 000000106160 003 CaOOAMICUS 005 20070710091411.0 008 070710s1969 it u000 u ita u 040 $aPUL$bita$dGP 245 00$aCampanella e Vico. 260 $aPadova :$bCEDAM,$c1969. 300 $a203 p. ;$c24 cm. 490 1 $aArchivio di filosofia ;$vanno [37] (1969) 600 14$aCampanella, Tommaso,$d1568-1639.$0(OLS)http://pul/subject/709 600 14$aVico, Giambattista,$d1668-1744.$0(OLS)http://pul/subject/4983 830 0$aArchivio di filosofia (CEDAM).$0(OLS)http://pul/title/133675 850 $aPUL 852 $aPUL$W1$xSL Filosofia 1$y2$m97 L 37.1$j119218$qStampati$B119109$CPULBib$Z2$F119109 $82 941 1 $a8 983 0$aArchivio di filosofia (Fabrizio Serra) 996 $6245$aCampanella e Vico$9(OLS)http://pul/title/133697 996 $6260$aPadova :$bCEDAM$9(OLS)http://pul/publisher/48126 LEADER 01339nam a2200289 a 4500 001 000000135607 003 CaOOAMICUS 005 20131007111523.0 008 131007s2012 gw u000 u ger r 020 $a978-3-579-02677-0 040 $aPUL$bita 100 1 $aBuber, Martin,$d1878-1965.$0(OLS)http://pul/name/5557 245 10$aEkstatische Konfessionen /$cMartin Buber ; Herausgegeben, eingeleitet und kommentiert von David Groiser. 260 $aGütersloh :$bGütersloher Verlagshaus,$c2012. 300 $a383 p. ;$c23 cm+$e1 CD-Rom 490 1 $aMartin Buber Werkausgabe ;$v2.2 504 $aInclude riferimenti bibliografici ed indice. 700 1 $aGroiser, David.$0(OLS)http://pul/name/87316 800 1 $aBuber, Martin,$d1878-1965.$tOpere.$0(OLS)http://pul/nameTitle/1137$0(OLS)http://pul/name/5557$0(OLS)http://pul/title/5258 830 0$aMartin Buber Werkausgabe ;$v2.2.$0(OLS)http://pul/title/151025 850 $aPUL 852 $aPUL$W1$xSL Religione 1$y3$m7(1) M 8.2.2$j156399$qStampati$B155745$CPULBib$Z2$F155745 $H122951 $82 941 1 $a8 996 $6020$a978-3-579-02677-0$9(OLS)http://pul/number/153612 996 $6245$aEkstatische Konfessionen$9(OLS)http://pul/title/171461 996 $6260$aGütersloh :$bGütersloher Verlagshaus$9(OLS)http://pul/publisher/67356